[Event "Internet Section 06A g/8'+2\""]
[Site "Dos Hermanas"]
[Date "2004.03.06"]
[Round "2"]
[White "Packer, Ian"]
[Black "De Lillo, Michele"]
[Result "0-1"]
[WhiteElo "1435"]
[BlackElo "1852"]
[PlyCount "74"]
[EventDate "2004.03.06"]
[EventType "swiss (blitz)"]
[EventRounds "9"]
[EventCountry "ESP"]
[SourceTitle "CBM 099 Extra"]
[Source "ChessBase"]
[SourceDate "2004.05.04"]
[SourceVersion "1"]
[SourceVersionDate "2004.05.04"]
[SourceQuality "1"]

1. c4 e5 2. g3 Nf6 3. Nc3 c6 4. Bg2 Be7 5. Nf3 d6 6. 0-0 Be6 7. e3 Bxc4 8. d4 Bxf1 9. Bxf1 e4 10. Nh4 g6 11. a4 d5 12. Bd2 Nbd7 13. Ne2 Nh5 14. b4 Bxh4 15. gxh4 Qxh4 16. Ng3 Nxg3 17. fxg3 Qf6 18. b5 0-0 19. bxc6 bxc6 20. Bb4 Rfb8 21. Rb1 Qd8 22. Qg4 f5 23. Qf4 a5 24. Qd6 Rxb4 25. Rxb4 axb4 26. Qxc6 Nf6 27. Qe6+ Kg7 28. Bb5 b3 29. Qc6 Rc8 30. Qb7+ Qc7 31. Qxc7+ Rxc7 32. Kg2 b2 33. g4 b1Q 34. gxf5 gxf5 35. h4 Rc2+ 36. Kg3 Nh5+ 37. Kh3 Qh1# 0-1

[Event "Internet Section 06A g/8'+2\""]
[Site "Dos Hermanas"]
[Date "2004.03.06"]
[Round "4"]
[White "Packer, Ian"]
[Black "Valner, Uku"]
[Result "0-1"]
[WhiteElo "1442"]
[BlackElo "1905"]
[PlyCount "74"]
[EventDate "2004.03.06"]
[EventType "swiss (blitz)"]
[EventRounds "9"]
[EventCountry "ESP"]
[SourceTitle "CBM 099 Extra"]
[Source "ChessBase"]
[SourceDate "2004.05.04"]
[SourceVersion "1"]
[SourceVersionDate "2004.05.04"]
[SourceQuality "1"]

1. c4 e6 2. g3 b6 3. d4 Nc6 4. Nf3 Bb7 5. Bg2 Nf6 6. e3 Be7 7. Nfd2 Rb8 8. d5 exd5 9. cxd5 Ne5 10. e4 Nd3+ 11. Ke2 Ba6 12. Qa4 Nc5+ 13. Qxa6 Nxa6 14. Re1 0-0 15. Kf1 Bc5 16. Nc3 Nb4 17. Nb3 Nc2 18. Nxc5 bxc5 19. e5 Ne8 20. e6 dxe6 21. dxe6 fxe6 22. Rxe6 Nxa1 23. Bd5 Kh8 24. Be4 Nf6 25. Bf4 Nxe4 26. Nxe4 Qd3+ 27. Kg2 Rbe8 28. Rxe8 Rxe8 29. Ng5 Nc2 30. Nf7+ Kg8 31. Ng5 Ne1+ 32. Kh3 Qf1+ 33. Kh4 h6 34. Kh5 hxg5 35. Bxg5 Qh3+ 36. Bh4 Re5+ 37. Kg6 Qf5# 0-1